000
00296nam a22001337a 4500
008
170420b xxu||||| |||| 00| 0 eng d
020
_a
9780073403465
041
_a
eng
080
_2
4 ed
_a
573
100
_a
11
101
_a
shm
245
_a
CONCEPTS IN BIOLOGY
_c
ENGER.E.D
942
_2
udc
_c
BK
999
_c
11316
_d
11316